[Event "SVK-ch U14"]
[Site "Tatralandia"]
[Date "2015.04.24"]
[Round "8"]
[White "Sutor, Mario"]
[Black "Bango, Dominik"]
[Result "0-1"]
[WhiteElo "1002"]
[BlackElo "1683"]
[PlyCount "96"]
[EventDate "2015.04.18"]
[EventType "swiss"]
[EventRounds "9"]
[EventCountry "SVK"]
[SourceTitle "CBM 166 Extra"]
[Source "ChessBase"]
[SourceDate "2015.06.18"]
[SourceVersion "1"]
[SourceVersionDate "2015.06.18"]
[SourceQuality "1"]

1. e4 e5 2. Nf3 Nc6 3. d4 exd4 4. Nxd4 Bc5 5. Be3 Qf6 6. c3 Nge7 7. Qd2 a6 8. Bc4 d6 9. b4 Bb6 10. 0-0 0-0 11. Na3 Qg6 12. f3 Ne5 13. Bb3 Kh8 14. Bc2 f6 15. Rac1 N7c6 16. Nxc6 Bxe3+ 17. Qxe3 Nxc6 18. Rfd1 Qf7 19. Bb3 Be6 20. Bxe6 Qxe6 21. Rd2 f5 22. Re2 Rae8 23. Rce1 Qf7 24. Qd3 fxe4 25. Rxe4 Rxe4 26. Rxe4 Qxa2 27. Nc4 b5 28. Ne3 Ne5 29. Qd4 Qf7 30. Ng4 Nxf3+ 31. gxf3 Qxf3 32. Nf2 c5 33. bxc5 dxc5 34. Qxc5 Qf6 35. Qe3 Qg6+ 36. Qg3 Qf6 37. Qe3 Qg6+ 38. Qg3 Qf6 39. Rd4 a5 40. Rd5 Qb6 41. Rd3 a4 42. Qe3 Qg6+ 43. Qg3 Qf6 44. Rd6 Qf5 45. Rb6 a3 46. Rb8 a2 47. Rb7 a1Q+ 48. Kg2 Qd5+ 0-1

[Event "SVK-ch U14"]
[Site "Tatralandia"]
[Date "2015.04.23"]
[Round "7"]
[White "Sutor, Mario"]
[Black "Drab, Matus"]
[Result "1-0"]
[WhiteElo "1002"]
[BlackElo "1124"]
[PlyCount "57"]
[EventDate "2015.04.18"]
[EventType "swiss"]
[EventRounds "9"]
[EventCountry "SVK"]
[SourceTitle "CBM 166 Extra"]
[Source "ChessBase"]
[SourceDate "2015.06.18"]
[SourceVersion "1"]
[SourceVersionDate "2015.06.18"]
[SourceQuality "1"]

1. e4 e5 2. Nf3 Nc6 3. Bc4 Bc5 4. 0-0 Nf6 5. Nc3 0-0 6. Re1 d6 7. d3 h6 8. Be3 b6 9. Bxc5 bxc5 10. Bd5 Rb8 11. Bxc6 Ng4 12. h3 Nf6 13. b3 Nh5 14. Nxe5 Qg5 15. Nf3 Qg6 16. Kf1 Nf4 17. Nh4 Qf6 18. g3 Nxh3 19. Qd2 Bg4 20. Nd5 Qe5 21. Qc3 f6 22. Ng6 Qxc3 23. Nxc3 Rf7 24. Bd5 a6 25. Bxf7+ Kxf7 26. Nf4 Nxf4 27. gxf4 h5 28. Kg2 Rh8 29. f3 1-0

[Event "SVK-ch U14"]
[Site "Stara Lubovna"]
[Date "2014.04.07"]
[Round "4"]
[White "Ihnat, Marek1111"]
[Black "Sutor, Mario"]
[Result "1-0"]
[WhiteElo "1395"]
[BlackElo "1000"]
[PlyCount "103"]
[EventDate "2014.04.05"]
[EventType "swiss"]
[EventRounds "9"]
[EventCountry "SVK"]
[SourceTitle "EXT 2016"]
[Source "ChessBase"]
[SourceDate "2015.10.08"]
[SourceVersion "1"]
[SourceVersionDate "2015.10.08"]
[SourceQuality "1"]

1. e4 e5 2. Nf3 Nc6 3. Bc4 Nf6 4. d3 Bc5 5. Bg5 0-0 6. Nc3 d6 7. h3 h6 8. Bh4 Re8 9. Nd5 g5 10. Nxg5 hxg5 11. Bxg5 Re6 12. c3 Kg7 13. Qf3 Nb8 14. Nxf6 Rxf6 15. Bxf6+ Qxf6 16. Qxf6+ Kxf6 17. b4 Bb6 18. a4 c5 19. a5 Bd8 20. Bd5 Nc6 21. Bxc6 bxc6 22. h4 Kg6 23. h5+ Kh6 24. f3 d5 25. bxc5 Rb8 26. Kd2 Rb5 27. Kc2 Rxc5 28. a6 Rb5 29. g4 Rb6 30. Rab1 Bxa6 31. Rxb6 axb6 32. Ra1 Bb5 33. Ra8 Bc7 34. Ra7 Bd8 35. Rxf7 Bg5 36. Rf5 Bf4 37. exd5 cxd5 38. Rf6+ Kg7 39. Rxb6 Ba4+ 40. Kb2 Be3 41. Re6 Bf4 42. Rd6 Kh7 43. Rxd5 Bc6 44. Rd6 Bxf3 45. Rg6 e4 46. dxe4 Bxe4 47. Re6 Bd5 48. Rf6 Be3 49. Kc2 Be4+ 50. Kb3 Bd5+ 51. c4 Kg7 52. Rg6+ 1-0

[Event "SVK-ch U14"]
[Site "Stara Lubovna"]
[Date "2014.04.06"]
[Round "2"]
[White "Hadzala, Juraj"]
[Black "Sutor, Mario"]
[Result "1-0"]
[WhiteElo "1176"]
[BlackElo "1000"]
[PlyCount "55"]
[EventDate "2014.04.05"]
[EventType "swiss"]
[EventRounds "9"]
[EventCountry "SVK"]
[SourceTitle "EXT 2016"]
[Source "ChessBase"]
[SourceDate "2015.10.08"]
[SourceVersion "1"]
[SourceVersionDate "2015.10.08"]
[SourceQuality "1"]

1. e4 c5 2. Nf3 Nc6 3. Nc3 Nf6 4. d4 cxd4 5. Nxd4 b6 6. Be3 Bb7 7. f3 e5 8. Nxc6 dxc6 9. Qd2 Be7 10. 0-0-0 0-0 11. Bd3 Qc7 12. f4 Ng4 13. f5 Bb4 14. Qe1 Bxc3 15. bxc3 g6 16. h3 Nf6 17. Qg3 Kg7 18. Qh4 Nh5 19. f6+ Kg8 20. g4 Nf4 21. Qh6 Ne6 22. h4 b5 23. Bc5 Rfc8 24. g5 Qa5 25. h5 Qxc3 26. hxg6 Qxc5 27. Qxh7+ Kf8 28. Qh8# 1-0